000 00337 a2200157 4500
001 169252
020 _a
040 _cMagnum
100 _aBrunoro, Jose Carlos
240 1 0 _aFutebol 100% profissional
_lpor
245 1 0 _aFutebol 100% profissional
362 0 _a1899
440 1 _aGente
697 _aEDUCACAO FISICA
942 _cBK
999 _c169252
_d169252